Statistiques concernant Meilleur joueur de l'Euro (suite)

Cliquez ici pour prendre le quiz!

Statistiques générales

  • Ce quiz a été pris 5 fois
  • Le résultat moyen est 2 sur 5

Statistiques - réponses

Indice Réponse % Correct
1972Müller
60%
1976Panenka
40%
1964Suárez
40%
1968Zoff
20%
1960Ponedelnik
0%

Distribution des résultats

Percentile by Number Answered

% des personnes avec chaque résultat

Votre développement - résultats

Vous n’avez pas pris ce quiz